000 00636nam a2200277Ia 4500
005 20260324134341.0
008 008 260324s9999 xx 000 0 eng d
020 _a9780138747060
037 _aEBOOK
040 _aCRL
040 _beng
040 _cCRL
041 _2eng
041 _aeng
084 _qCRL
100 _aBruce Berndt
_91196485
245 0 _aNumber Theory for the Millennium II
260 _bTaylor and Francis
260 _c2002
365 _a
365 _b110
856 _uhttp://www.taylorfrancis.com/books/9780138747060
942 _cEBOOK
999 _c1796503
_d1796503